BIBLIOTECA

SENCICO

Instalaciones de telefonía : Prácticas (Registro nro. 908)

Detalles MARC
000 -LEADER
fixed length control field 00675nam a2200265Ia 4500
005 - DATE AND TIME OF LATEST TRANSACTION
control field 20251020182453.0
008 - FIXED-LENGTH DATA ELEMENTS--GENERAL INFORMATION
fixed length control field 200515s9999 xx 000 0 und d
020 ## - INTERNATIONAL STANDARD BOOK NUMBER
International Standard Book Number 978-84-283-2946-0
082 ## - DEWEY DECIMAL CLASSIFICATION NUMBER
Classification number 621.395.6/F38
100 ## - MAIN ENTRY--PERSONAL NAME
Personal name Barbado Santana, José Antonio
100 ## - MAIN ENTRY--PERSONAL NAME
Personal name Fernández García, Carmelo
245 #0 - TITLE STATEMENT
Title Instalaciones de telefonía : Prácticas
260 ## - PUBLICATION, DISTRIBUTION, ETC.
Place of publication, distribution, etc. Madrid
260 ## - PUBLICATION, DISTRIBUTION, ETC.
Name of publisher, distributor, etc. Paraninfo
260 ## - PUBLICATION, DISTRIBUTION, ETC.
Date of publication, distribution, etc. 2008
300 ## - PHYSICAL DESCRIPTION
Extent 330 p.
300 ## - PHYSICAL DESCRIPTION
Other physical details il., tbl., graf.
500 ## - GENERAL NOTE
General note 1 ejemplar
650 ## - SUBJECT ADDED ENTRY--TOPICAL TERM
Topical term or geographic name entry element ELECTRICIDAD
650 ## - SUBJECT ADDED ENTRY--TOPICAL TERM
Topical term or geographic name entry element ELECTRONICA
650 ## - SUBJECT ADDED ENTRY--TOPICAL TERM
Topical term or geographic name entry element INSTALACIONES DE TELEFONIA
650 ## - SUBJECT ADDED ENTRY--TOPICAL TERM
Topical term or geographic name entry element LINEAS TELEFONICAS
942 ## - ADDED ENTRY ELEMENTS (KOHA)
Koha item type Libros
Existencias
Fecha de la última vez que lo usaron Pago total Signatura topográfica completa Código de barras Precio efectivo desde Tipo de documento Estado perdido Estado dañado No es para préstamo Retirado Ubicación permanente Ubicación actual Fecha de adquisición
15/05/2020   621.395.6/F38 Bib-Lima15050908 15/05/2020 Libros         Biblioteca Central Lima Biblioteca Central Lima 15/05/2020